000 00276nam a2200121Ia 4500
005 20260328104247.0
008 260328s9999||||xx |||||||||||||| ||und||
100 _aEscala
245 0 _aCuaderno de Arquitectura /
_cEscala
260 _bEscala
650 _aDIBUJO
942 _cBK
999 _c10110
_d10110